1114 1802 1766 1397 1925 1357 1061 1791 1076 1717 1528 1590 1112 1173 1285 1093 1447 1149 1865 1964 1837 1799 1548 1460 1380 1786 1501 1827 1909 1817 1617 1594 1805 1276 1289 1459 1561 1023 1848 1733 1660 1135 1894 1774 1962 1997 1501 1642 1332 1975 1159 1747 1692 1829 1253 1766 1079 1074 1863 1776 1439 1404 1361 1245 1965 1315 1654 1844 1831 1885 1232 1997 1552 1284 1919 1239 1832 1297 1689 1887 1762 1778 1263 1761 1293 1177 1295 1838 1245 1262 1182 1522 1144 1207 1361 1487 1296 1538 1886 BCNSPRNW ULIB Ver.6.0+V

เปลี่ยนเป็นภาษาไทย

Change to English
 แสดงรายละเอียดบรรณานุกรม
  กลับหน้าหลัก

Brief Record : Get Marc (ISO 2709) : E-mail record : QR code < ปิดหน้าต่าง
LEADER : 00000nam 2200000uu 4500
001    13399111984
003     ULIB
008    110627s2552||||th 000 0 tha d
020    9786115200092
090    นว.^bป535ฝ 2552
100 0  ปั้นหยา
245 00 ฝากหัวใจไว้ใกล้รัก/^cปั้นหยา
250    พิมพ์ครั้งที่ 1
260    กรุงเทพฯ :^b1168 พับลิชชิ่ง,^c2552
300    282 หน้า
710 1  1168 พับลิชชิ่ง
945    ^p189^l0^i027757
995    ทศพร
999 ^a ใช้งานได้ทุกระบบ
รายการนี้ยังไม่มีแท็ก
คุณยังไม่ได้ล็อกอิน คุณสามารถมีกิจกรรมร่วมกับเว็บไซต์ได้ แต่ต้องล็อกอินก่อน ::
  ล็อกอิน

รายการสื่อสารสนเทศ

ลำดับที่ ประเภท เลขเรียก/บาร์โค้ด สถานที่ สถานะ
- ไม่พบข้อมูล -

รายการใกล้เคียง
    ผู้แต่ง [ปั้นหยา]

BibComment


ยังไม่เคยถูกคอมเมนท์

คอมเมนท์ทรัพยากรรายการนี้
  คอมเมนท์: ฝากหัวใจไว้ใกล้รั..


 Copyright 2026. Bcnsprnw @Library